Versos. (Registro nro. 17149)
[ vista simple ]
| 000 -LEADER | |
|---|---|
| campo de control de longitud fija | 00570nat a2200217Ia 4500 |
| 001 - NÚMERO DE CONTROL | |
| campo de control | 17149 |
| 003 - IDENTIFICADOR DE NÚMERO DE CONTROL | |
| campo de control | AR-BaAGN |
| 005 - FECHA Y HORA DE LA ÚLTIMA TRANSACCIÓN | |
| campo de control | 20231117120912.0 |
| 007 - CAMPO FIJO DE DESCRIPCIÓN FÍSICA--INFORMACIÓN GENERAL | |
| campo de control de longitud fija | ta |
| 008 - DATOS DE LONGITUD FIJA--INFORMACIÓN GENERAL | |
| campo de control de longitud fija | 211213nuuuuuuuuxx |||||||||||||| ||spa d |
| 040 ## - FUENTE DE CATALOGACIÓN | |
| Normas de descripción | aacr |
| Centro catalogador/agencia de origen | AR-BaAGN |
| Lengua de catalogación | español |
| 942 ## - ELEMENTOS DE ENTRADA SECUNDARIOS (KOHA) | |
| Suprimir en OPAC | No |
| Tipo de ítem Koha | Material no publicado |
| 100 1# - ENTRADA PRINCIPAL--NOMBRE DE PERSONA | |
| Nombre de persona | Echagüe, Goyo |
| 245 10 - MENCIÓN DEL TÍTULO | |
| Título | Versos. |
| 264 ## - PRODUCCIÓN, PUBLICACIÓN, DISTRIBUCIÓN, FABRICACIÓN Y COPYRIGHT | |
| Lugar | [Lugar de publicación no identificado], |
| Fecha | [fecha de publicación no identificada] |
| 300 ## - DESCRIPCIÓN FÍSICA | |
| Extensión | 1 volumen : |
| Otras características físicas | mecanografiado |
| 336 ## - TIPO DE CONTENIDO | |
| Fuente | rdacontent |
| Código de tipo de contenido | texto |
| 337 ## - TIPO DE MEDIO | |
| Fuente | rdamedia |
| Código del tipo de medio | no mediado |
| 338 ## - TIPO DE SOPORTE | |
| Fuente | rdacarrier |
| Código del tipo de soporte | volumen |
| Estado de retiro | Estado de pérdida | Fuente del sistema de clasificación o colocación | Estado de conservación | Biblioteca actual | Ubicación en estantería | Signatura topográfica completa | Código de barras | Tipo de ítem Koha |
|---|---|---|---|---|---|---|---|---|
| Clasificación Decimal Dewey | Biblioteca del Archivo General de la Nación | Juan Domingo Perón - Biblioteca | JDP 2854 | JDP-2854 | Material no publicado |
